Detroit Lions 2024-25 Roster - Statistics

General Stats
  • This quiz has been taken 392 times
    390 since last reset
  • The average score is 20 of 84
Answer Stats
Answer % Correct
16 Jared Goff
99%
26 Jahmyr Gibbs
94%
14 Amon-Ra St Brown
91%
5 David Montgomery
90%
9 Jameson Williams
69%
58 Penei Sewell
65%
DE:97 Aidan Hutchinson
61%
87 Sam LaPorta
61%
2 Hendon Hooker
58%
17 Tim Patrick
58%
77 Frank Ragnow
53%
68 Taylor Decker
53%
13 Craig Reynolds
51%
11 Kalif Raymond
50%
89 Brock Wright
48%
70 Dan Skipper
41%
31 Kerby Joseph
41%
32 Brian Branch
40%
60 Graham Glasgow
40%
39 Jake Bates
40%
LB:34 Alex Anzalone
38%
0 Terrion Arnold
38%
46 Jack Campbell
37%
3 Jack Fox
35%
71 Kevin Zeitler
35%
33 Sione Vaki
35%
23 Carlton Davis
31%
99 Za'Darius Smith
28%
54 Alim McNeill
27%
98 DJ Reader
27%
84 Shane Zylstra
27%
21 Amik Robertson
26%
8 Allen Robinson
25%
44 Malcolm Rodriguez
21%
29 Kindle Vildor
20%
LB:55 Derrick Barnes
19%
93 Josh Paschal
19%
73 Christian Mahogany
18%
S:6 Ifeatu Melifonwu
16%
69 Al-Quadin Muhammad
13%
49 Hogen Hatten
13%
91 Levi Onwuzurike
13%
DE:92 Marcus Davenport
13%
WR:85 Tom Kennedy
13%
15 Ennis Rakestraw Jr
12%
WR:19 Donovan Peoples-Jones
11%
82 James Mitchell
11%
95 Pat O'Connor
11%
53 Trevor Nowaske
11%
75 Colby Sorsdal
10%
LB:42 Jalen Reeves-Maybin
10%
41 James Houston
10%
DE:79 John Cominsky
10%
74 Kayode Awosika
10%
PK:17 Michael Badgley
10%
12 Brandon Joseph
9%
CB:4 Emmanuel Moseley
9%
59 Giovanni Manu
9%
30 Khalil Dorsey
9%
51 Ben Niemann
7%
DT:96 Brodric Martin
7%
47 Ezekiel Turner
6%
QB:18 Jake Fromm
6%
RB:28 Jermar Jefferson
6%
WR:1 Maurice Alexander
6%
WR:18 Antoine Green
5%
62 Michael Niese
5%
94 Mekhi Wingo
4%
DE:35 Isaiah Thomas
3%
DT:96 Kyle Peko
3%
24 Loren Strickland
3%
DT:90 Chris Smith
2%
DE:45 Isaac Ukwu
2%
OT:72 Jamarco Jones
2%
C:65 Kingsley Eguakun
2%
DE:50 Mitchell Agude
2%
CB:40 Morice Norris
2%
OG:52 Netane Muti
2%
LB:48 Abraham Beauplan
1%
OT:76 Connor Galvin
1%
DT:61 David Bada
1%
LB David Long Jr
1%
DE:57 Nate Lynn
1%
S:25 Erick Hallett
0%
No matching quizzes found
Score Distribution
Percent of People with Each Score
Percentile by Number Answered
Your Score History
You have not taken this quiz since the last reset